Responses for Show #8046 - Monday, September 9, 2019

Jason Zuffranieri game 7.
First game of Season 36.
New opening graphics.

Contestants

[<< previous game]

Victor C. Li, an advanced analytics developer from Jacksonville, Florida

Holly Palmer, a nurse from Colorado Springs, Colorado

Jason Zuffranieri, a math teacher from Albuquerque, New Mexico (whose 6-day cash winnings total $137,300)

[next game >>]

Jeopardy! Round responses

MOTOR TREND CAR OF THE YEAR
HEALTH WATCH
PARTS OF SPEECHES
(Alex: We'll focus on some famous speeches, and we will ask you to complete them for us.)
FROM PAGE TO SCREEN
KITCHEN ORIGINS
GREEK & LATIN PREFIXES
    $200 29
(Victor: What is Corolla?)
...
[The end-of-round signal sounds.]

the Prius

Victor
Triple Stumper
    $200 22
D

Jason
    $200 25
Schindler's List

Victor
    $200 6
Thermos

Jason
    $200 20
uni-

Jason
    $400 28
Alfa Romeo

Victor
    $400 21
HDL

Holly
    $400 23
(Alex: Yes, with less than a minute to go.)

fade away

Jason
    $400 24
Fight Club

Jason
    $400 17
a microwave

Jason
    $400 19
theo-

Holly
    $600 27
(Victor: What is Camaro?)

the Corvette

Victor
Triple Stumper
    $600 14
occupational therapy

Victor
    $600 3
the luckiest man on the face of the Earth

Jason
    $600 11
(Alex: It was a delightful film starring [*].)

Melissa McCarthy

Triple Stumper
    $600 16
a blender

Holly
    $600 18
circum-

Jason
    $800 26
PT Cruiser

Jason
    $800 13
athlete's foot

Holly
    $800 2
[Alex reads "MLK" as "Martin Luther King".]

their character

Jason
    $800 10
Goodfellas

Jason
    $800 8
(Earl) Tupper

Jason
    $800 5
dys-

Holly
    $1000 15
(Alex: And that would be the popular [*].)

Thunderbird

Triple Stumper
    $1000 12
meningitis

Jason
    $1000 1
prevail

Triple Stumper
    $2,700 9
(Jason: What is On the Road? [Shakes head])

The Help

Jason
    $1000 7
a coffee pot

Triple Stumper
    $1000 4
xeno-

Jason

Scores at the first commercial break (after clue 15):

Jason Holly Victor
$2,500 $1,600 $600

Scores at the end of the Jeopardy! Round:

Jason Holly Victor
$5,500 $3,000 $400

Double Jeopardy! Round responses

BROADWAY MUSICALS BY CHARACTER
THE 1820s
WORLD CURRENCY
LAST NAME FLOW-TOGETHERS
(Alex: Let me give you an example: "Actor Christopher; singer Freddie"--Christopher Plum-MER, singer Freddie MER-cury, okay? I hope that clears it up for you.)
JACK LONDON
(Alex: And...)
THE "BEAN" STALK
    $400 27
Cabaret

Holly
    $400 28
Webster

Jason
    $400 29
[The end-of-round signal sounds.]
(Alex: Good, you're on the plus side as the time--
[Applause as Victor pumps his fist]
(Alex: --at exactly the right moment!)

Iran

Victor
    $400 23
(Alex: Yes, less than a minute now.)

Bernsteinway

Holly
    $400 26
spill the beans

Holly
    $800 19
Chicago

Jason
    $800 20
Beethoven's Ninth Symphony

Triple Stumper
    $800 21
Iceland

Jason
    $800 22
Dunhammett

Holly
    $800 25
reincarnation

Victor
    $800 24
the soybean

Triple Stumper
    $1200 4
Oklahoma!

Jason
    $1200 18
(Jason: What is blasphemy?)
(Victor: What is jealousy?)

sacrilege

JasonHollyVictor
    $2,500 14
Turkey

Jason
    $1200 17
Koppelosi

Jason
    $1200 16
the Yukon

Jason
    $1200 15
beanie

Triple Stumper
    $1600 3
Grease

Holly
    $4,000 6
Timbuktu

Jason
    $1600 13
Venezuela

Jason
    $1600 12
Schlossberg & Bergman

Triple Stumper
    $1600 10
boxing

Triple Stumper
    $1600 8
Roy Bean

Jason
    $2000 2
Sunset Boulevard

Jason
    $2000 5
Lancet

Jason
    $2000 1
centavo

Jason
    $2000 11
(Victor: What is Jackson?)
(Alex: We need two names.)
(Victor: [No response])

Jacksonnenfeld

JasonVictor
    $2000 9
The Sea-Wolf

Jason
    $2000 7
the Beanpot

Victor

Scores at the end of the Double Jeopardy! Round:

Jason Holly Victor
$29,600 $7,800 $400
(lock game)

[wagering suggestions for these scores]

Final Jeopardy! Round responses

BIBLICAL ARCHAEOLOGY
[The audience laughs when Holly's response is revealed.]
(Alex: "What is Goliathtown?" [Looking into the camera] I want to move there! Don't you?)
...
(Alex: [To Jason] No, it's Goliath of [*]; [*].)
VictorWhat is Baghdad?
$399
HollyWhat is Goliathtown
$5,000
JasonWhat is Goliath?
$400
Gath

Final scores:

Jason Holly Victor
$29,200 $2,800 $1
7-day champion: $166,500 2nd place: $2,000 3rd place: $1,000

Game dynamics:

Coryat scores:

Jason Holly Victor
$28,600 $7,800 $400
29 R
(including 2 DDs),
2 W
(including 1 DD)
11 R,
0 W
6 R,
4 W

Combined Coryat: $36,800

[game clues] [game scores] [suggest correction]

Game tape date: 2019-07-22
The J! Archive is created by fans, for fans. Scraping, republication, monetization, and malicious use prohibited; this site may use cookies and collect identifying information. See terms. The Jeopardy! game show and all elements thereof, including but not limited to copyright and trademark thereto, are the property of Jeopardy Productions, Inc. and are protected under law. This website is not affiliated with, sponsored by, or operated by Jeopardy Productions, Inc. Join the discussion at JBoard.tv.